| 000 | 00429nam a2200181Ia 4500 | ||
|---|---|---|---|
| 001 | 8098 | ||
| 005 | 20260306160544.0 | ||
| 008 | 260306t2006||||xx |||||||||||||| ||spa|| | ||
| 041 | _aESP | ||
| 082 |
_a370.1 _bR78 |
||
| 100 |
_aRojas Torres, José _eAUT |
||
| 245 | 0 | _aTeoría y doctrina de la educación | |
| 260 | _c2006 | ||
| 300 |
_a217 páginas : _c20 cm. |
||
| 650 | _aGEN | ||
| 654 | _aCED | ||
| 942 |
_cLIB _dJUS _fJUS _2ddc _n |
||
| 999 |
_c8098 _d8098 |
||